| 000 | 00883nam a22002175i 4500 | ||
|---|---|---|---|
| 001 | 164513 | ||
| 003 | ES-MaACL | ||
| 005 | 20251011063150.0 | ||
| 008 | 930104s1886 sp |||| | spa d | ||
| 080 | _a821.134.2-31"18" | ||
| 100 | 0 |
_aSan Martín, Antonio de, _d1841-1887 _9102257 |
|
| 245 | 1 | 0 |
_aPompeya : _bla ciudad desenterrada : novela histórica / _cpor Antonio de San Martín. |
| 260 |
_aMadrid : _bUrbano Manini, _c[ca. 1886] ( _fImp. de José A. Muñoz y Cª) |
||
| 300 |
_a271 p. ; _c18 cm. |
||
| 530 | _aDisponible en formato digital. | ||
| 596 | _aPalau lo data ca. 1886. | ||
| 651 | 4 |
_aPompeya (Ciudad desaparecida)- _vNovelas. _9173248 |
|
| 852 |
_aES-MaACL _jD-3148 _z- Rúst. deteriorada _z- Legado Modesto de la Fuente |
||
| 856 |
_uhttp://bdh-rd.bne.es/viewer.vm?id=0000107343&page=1 _zBiblioteca Digital Hispánica |
||
| 999 |
_c164513 _d164513 |
||